000 00497nam a2200157Ia 4500
003 SGT
020 _a9788189928605
082 _a004.16
_bRAM
100 _aRam, B
245 _aFundamentals of microprocessors and microcontrollers
260 _bDhanpat Rai Publication
_aNew Delhi
_c2012
300 _aV.p.
650 _aCOMPUTER SCIENCE, INFORMATION & GENERAL WORKS
653 _aNUMBER SYSTEM AND DIGITAL ELECTRONICS, MICROPROCESSOR ARCHITECTURE, INSTRUCTION SET OF INTEL 8085
942 _2ddc
_cBK
999 _c5438
_d5438